MARC details
| 000 -LEADER |
| fixed length control field |
02195nam a2200349 4500 |
| 008 - FIXED-LENGTH DATA ELEMENTS--GENERAL INFORMATION |
| fixed length control field |
050520m1990 nyu b 001 0 eng |
| 020 ## - INTERNATIONAL STANDARD BOOK NUMBER |
| International Standard Book Number |
0911782753 (III.1 :USD35.34) |
| 020 ## - INTERNATIONAL STANDARD BOOK NUMBER |
| International Standard Book Number |
0911782788 (III.2 :USD35.34) |
| 020 ## - INTERNATIONAL STANDARD BOOK NUMBER |
| International Standard Book Number |
1565480287 (III.10 :USD35.35) |
| 020 ## - INTERNATIONAL STANDARD BOOK NUMBER |
| International Standard Book Number |
1565480503 (III.6 :USD35.35) |
| 020 ## - INTERNATIONAL STANDARD BOOK NUMBER |
| International Standard Book Number |
1565480554 (set) |
| 020 ## - INTERNATIONAL STANDARD BOOK NUMBER |
| International Standard Book Number |
1565480600 (III.8 :USD35.35) |
| 020 ## - INTERNATIONAL STANDARD BOOK NUMBER |
| International Standard Book Number |
1565480686 (III.9 :USD35.35) |
| 020 ## - INTERNATIONAL STANDARD BOOK NUMBER |
| International Standard Book Number |
1565481038 (III.11 :USD35.35) |
| 020 ## - INTERNATIONAL STANDARD BOOK NUMBER |
| International Standard Book Number |
1565481291 (I.25 USD21.64) |
| 090 ## - LOCALLY ASSIGNED LC-TYPE CALL NUMBER (OCLC); LOCAL CALL NUMBER (OCLC) |
| Classification number (OCLC) (R) ; Classification number, CALL (RLIN) (NR) |
BR65.A5 |
| Local cutter number (OCLC) ; Book number/undivided call number, CALL (RLIN) |
.E5 |
| -- |
Au4 |
| -- |
1990 |
| 100 0# - MAIN ENTRY--PERSONAL NAME |
| Personal name |
Augustine, |
| Titles and other words associated with a name |
Saint, Bishop of Hippo. |
| 240 10 - UNIFORM TITLE |
| Uniform title |
Works. |
| Language of a work |
English. |
| Date of a work |
1990 |
| 245 14 - TITLE STATEMENT |
| Title |
The works of Saint Augustine : |
| Remainder of title |
a translation for the 21st century / |
| Statement of responsibility, etc |
translation and notes, Edmund Hill ; editor, John E. Rotelle. |
| 260 ## - PUBLICATION, DISTRIBUTION, ETC. (IMPRINT) |
| Place of publication, distribution, etc |
Brooklyn, N.Y. : |
| Name of publisher, distributor, etc |
New City Press, |
| Date of publication, distribution, etc |
<c1990-c1999 > |
| 300 ## - PHYSICAL DESCRIPTION |
| Extent |
multi volume ; |
| Dimensions |
24 cm. |
| 500 ## - GENERAL NOTE |
| General note |
"Augustinian Heritage Institute." |
| 500 ## - GENERAL NOTE |
| General note |
[BSOP Library has volumes I.9,I.25, III.1, III.2, III.3, III.4, III.5, III.6, III.7, III.8, III.9, III.10, III.11 only]. |
| 500 ## - GENERAL NOTE |
| General note |
New Rochelle, N.Y. is the place of publ. in pt. 3, v. 5-7. |
| 504 ## - BIBLIOGRAPHY, ETC. NOTE |
| Bibliography, etc |
Includes bibliographical references and indexes. |
| 505 0# - FORMATTED CONTENTS NOTE |
| Formatted contents note |
pt. 1, v. 1. The confessions -- pt. 1, v. 5. The Trinity -- pt. 1, v. 11. Teaching Christianity -- pt. 1, v. 25 Answer to the Pelagians, III: Unfinished work in answer to Julian -- pt. 3, v. 1. Sermons on the Old Testament, 1-19 -- pt. 3, v. 2. Sermons on the Old Testament, 20-50 -- pt. 3, v. 3. Sermons on the New Testament, 51-94 -- pt. 3, v. 4. Sermons on the New Testament, 94A-147A -- pt. 3, v. 5. Sermons on the New Testament, 148-183 -- pt. 3, v. 6. Sermons on the liturgical seasons, 184-229 -- pt. 3, v. 7. Sermons on the liturgical seasons, 230-272B -- pt. 3, v. 8. Sermons on the saints, 273-305A -- pt. 3, v. 9. Sermons on the saints, 306-340A -- v. 10. Sermons on various subjects, 341-400. |
| 650 #4 - SUBJECT ADDED ENTRY--TOPICAL TERM |
| Topical term or geographic name as entry element |
Theology |
| General subdivision |
Early works to 1800. |
| 951 ## - EQUIVALENCE OR CROSS-REFERENCE-GEOGRAPHIC NAME/AREA NAME [OBSOLETE] [CAN/MARC only] |
| General subdivision |
00030829 |
| 700 1# - ADDED ENTRY--PERSONAL NAME |
| Personal name |
Hill, Edmund. |
| 700 1# - ADDED ENTRY--PERSONAL NAME |
| Personal name |
Rotelle, John E. |
| 710 22 - ADDED ENTRY--CORPORATE NAME |
| Corporate name or jurisdiction name as entry element |
Augustinian Heritage Institute. |
| 951 ## - EQUIVALENCE OR CROSS-REFERENCE-GEOGRAPHIC NAME/AREA NAME [OBSOLETE] [CAN/MARC only] |
| -- |
28383 |
| -- |
BR65.A5/.E5/Au4/1990-III.9 |
| -- |
070613111452671 |
| -- |
2000-12-21 |
| -- |
REF |